Nartov and his Theatrum machinarum. (Record no. 32078)

MARC details
000 -LEADER
fixed length control field 01247cam a22002651 4500
001 - CONTROL NUMBER
control field he 67000078
003 - CONTROL NUMBER IDENTIFIER
control field DLC
005 - DATE AND TIME OF LATEST TRANSACTION
control field 20260227111443.0
008 - FIXED-LENGTH DATA ELEMENTS--GENERAL INFORMATION
fixed length control field 851001s1966 is a b 000 0 eng
010 ## - LIBRARY OF CONGRESS CONTROL NUMBER
LC control number he 67000078 //r943
040 ## - CATALOGING SOURCE
Original cataloging agency DLC/ICU
Transcribing agency ICU
Modifying agency DLC
041 1# - LANGUAGE CODE
Language code of text/sound track or separate title engrus
050 00 - LIBRARY OF CONGRESS CALL NUMBER
Classification number TJ140.N3
Item number D323
100 1# - MAIN ENTRY--PERSONAL NAME
Personal name Danilevskiĭ, V. V.
Fuller form of name (Viktor Vasilʹevich),
Dates associated with a name 1898-1960.
240 10 - UNIFORM TITLE
Uniform title Nartov i "I͡Asnoe zrelishche mashin."
Language of a work English
245 10 - TITLE STATEMENT
Title Nartov and his Theatrum machinarum.
Remainder of title (Nartov i "Yasnoe zrelishche mashin")
Statement of responsibility, etc. Edited by A.S. Britkin. Translated from Russian [and edited by IPST staff].
260 ## - PUBLICATION, DISTRIBUTION, ETC.
Place of publication, distribution, etc. Jerusalem,
Name of publisher, distributor, etc. Israel Program for Scientific Translations;
-- [available from the U.S. Dept. of Commerce, Clearinghouse for Federal Scientific and Technical Information, Springfield, Va.]
Date of publication, distribution, etc. 1966.
300 ## - PHYSICAL DESCRIPTION
Extent xii, 307 p.
Other physical details illus.
Dimensions 24 cm.
500 ## - GENERAL NOTE
General note Published for the Smithsonian Institution and the National Science Foundation, Washington, D.C.
504 ## - BIBLIOGRAPHY, ETC. NOTE
Bibliography, etc. note Includes bibliographical references.
600 10 - SUBJECT ADDED ENTRY--PERSONAL NAME
Personal name Nartov, Andreĭ Konstantinovich,
Dates associated with a name 1693-1756.
Title of a work Teatrum makhinarum.
710 20 - ADDED ENTRY--CORPORATE NAME
Corporate name or jurisdiction name as entry element Smithsonian Institution.
710 20 - ADDED ENTRY--CORPORATE NAME
Corporate name or jurisdiction name as entry element National Science Foundation (U.S.)
740 01 - ADDED ENTRY--UNCONTROLLED RELATED/ANALYTICAL TITLE
Uncontrolled related/analytical title Nartov i "Yasnoe zrelishche mashin".

No items available.

Powered by Koha